[Event "GCT Saint Louis Rapid 2019"]
[Site "Saint Louis"]
[Date "2019.08.10"]
[Round "1.1"]
[White "Ding, Liren"]
[Black "Carlsen, Magnus"]
[Result "1-0"]
[WhiteElo "2812"]
[BlackElo "2872"]
[Annotator "RC"]
[PlyCount "89"]
[EventDate "2019.08.10"]
[EventType "tourn"]
[EventCountry "USA"]
[SourceTitle "playchess.com"]
[Source "ChessBase"]
[SourceQuality "1"]
[TimeMode "Bronstein"]
[TimeControl "1500+10"]

1. d4 Nf6 {[%emt 0:00:00]} 2. c4 {[%emt 0:00:00]} e6 {[%emt 0:00:00]} 3. Nf3 {[%emt 0:00:00]} d5 {[%emt 0:00:00]} 4. Nc3 {[%emt 0:00:00]} Bb4 {[%emt 0:00:00]} 5. Bg5 {[%emt 0:00:02]} dxc4 {[%emt 0:00:00]} 6. e4 {[%emt 0:00:02]} b5 {[%emt 0:00:00]} 7. a4 {[%emt 0:00:15]} c5 8. axb5 {[%emt 0:00:13]} cxd4 {[%emt 0:01:43]} 9. Nxd4 {[%emt 0:00:10]} h6 {[%emt 0:00:10]} 10. Be3 {[%emt 0:00:10]} Nxe4 {[%emt 0:00:40]} 11. Qc2 {[%emt 0:00:10]} Bb7 {[%emt 0:03:26]} 12. Bxc4 {[%emt 0:01:38]} Qc7 {[%emt 0:02:13]} 13. Qb3 {[%emt 0:03:19]} Bxc3+ {[%emt 0:00:10]} 14. bxc3 {[%emt 0:00:10]} O-O {[%emt 0:01:05]} 15. O-O {[%emt 0:02:23]} Rc8 {[%emt 0:03:11]} 16. Bd3 {[%emt 0:00:16]} Nc5 {[%emt 0:00:17]} 17. Qb1 {[%emt 0:00:10]} Nxd3 {[%emt 0:00:10]} 18. Qxd3 {[%emt 0:00:10]} Nd7 {[%emt 0:00:20]} 19. Qe2 {[%emt 0:03:19]} Nb6 {[%emt 0:02:42]} 20. Qg4 {[%emt 0:00:27]} Kh7 {[%emt 0:00:50]} 21. Bf4 {[%emt 0:00:18]} Qc5 {[%emt 0:00:43]} 22. Rfe1 {[%emt 0:00:39]} Nc4 {[%emt 0:01:30]} 23. Rad1 {[%emt 0:00:59]} Rd8 {[%emt 0:00:49]} 24. Rd3 {[%emt 0:00:23]} Qe7 {[%emt 0:03:36]} 25. Nc6 {[%emt 0:04:27]} Bxc6 {[%emt 0:00:10]} 26. Rxd8 {[%emt 0:00:10]} Rxd8 {[%emt 0:00:18]} 27. bxc6 {[%emt 0:00:10]} Nb6 {[%emt 0:03:06]} 28. Be5 {[%emt 0:01:08]} Qg5 {[%emt 0:00:10]} 29. c7 {[%emt 0:00:51]} Rd5 {[%emt 0:00:20]} 30. Qe4+ {[%emt 0:01:53]} Qg6 {[%emt 0:00:10]} 31. Qb4 {[%emt 0:00:52]} Qd3 {[%emt 0:00:21]} 32. h3 {[%emt 0:00:37]} Qb5 {[%emt 0:00:10]} 33. Qe4+ {[%emt 0:01:38]} f5 {[%emt 0:00:10]} 34. Qf4 {[%emt 0:00:10]} Qd7 {[%emt 0:00:10]} 35. Bd4 {[%emt 0:00:58]} Nc8 {[%emt 0:00:10]} 36. Qg3 {[%emt 0:00:33]} Rd6 {[%emt 0:00:20]} 37. h4 {[%emt 0:00:10]} Rc6 {[%emt 0:00:18]} 38. h5 {[%emt 0:00:10]} Qf7 {[%emt 0:00:10]} 39. Be5 {[%emt 0:00:10]} Nb6 {[%emt 0:00:10]} 40. Ra1 {[%emt 0:00:12]} Nc4 {[%emt 0:00:11]} 41. Rxa7 {[%emt 0:00:10]} Nxe5 {[%emt 0:00:10]} 42. Qxe5 {[%emt 0:00:28]} Qxh5 {[%emt 0:00:10]} 43. Qxg7+ {[%emt 0:00:10]} Kxg7 {[%emt 0:00:10]} 44. c8=Q+ {[%emt 0:00:10]} Kf6 {[%emt 0:00:10]} 45. Qd8+ {[%emt 0:00:10]} 1-0

[Event "GCT Saint Louis Rapid 2019"]
[Site "Saint Louis"]
[Date "2019.08.10"]
[Round "1.2"]
[White "Yu, Yangyi"]
[Black "Rapport, Richard"]
[Result "0-1"]
[WhiteElo "2736"]
[BlackElo "2735"]
[Annotator "TA"]
[PlyCount "122"]
[EventDate "2019.08.10"]
[EventType "tourn"]
[EventCountry "USA"]
[SourceTitle "playchess.com"]
[Source "ChessBase"]
[SourceQuality "1"]

{[%evp 14,122,44,29,35,29,31,37,39,20,32,22,14,14,16,7,66,-21,-11,-6,-19,-18,-7,-31,-24,-14,-24,-41,-39,-45,-28,-38,-36,-35,-18,-31,-8,-21,-18,-19,-18,-18,-18,-95,-92,-100,-100,-104,-104,-141,0,-25,0,-145,-141,-127,-127,-134,-134,-129,-134,-186,-156,-283,-295,-293,-293,-291,-280,-394,-353,-534,-534,-490,-479,-397,0,-291,0,-198,-62,-283,-272,-267,-258,-185,-227,-204,-160,-276,-276,-276,-273,-273,-145,-145,-145,-249,-232,-519,-519,-5069,-3993,-29972,-29974,-29972,-29973,-29979,-29980,-29986,-29987]} 1. d4 d5 2. c4 Nc6 3. Nc3 Nf6 4. Nf3 dxc4 5. e4 Bg4 6. Be3 e6 7. Bxc4 Bb4 8. Qd3 Bh5 {D07: Queen's Gambit: Chigorin Defence} 9. Bb5 (9. a3 Bxc3+ 10. bxc3 Bg6 11. Nd2 Nxe4 12. Nxe4 Qh4 13. O-O Qxe4 14. Qe2 O-O 15. Rac1 Ne7 16. Qb2 {0-1 (48) Stojanovic,M (2493)-Miladinovic,I (2535) Ruma 2017}) 9... Bg6 $146 ({Predecessor:} 9... O-O 10. Bxc6 bxc6 11. Ne5 c5 12. f3 cxd4 13. Qxd4 c5 14. Qc4 Nd7 15. Nxd7 Qxd7 16. Bxc5 Bxc3+ 17. Qxc3 {½-½ (52) Koch,W (2305)-Bronznik,V (2401) Germany 2000}) 10. Nd2 O-O {White is slightly better.} 11. O-O Ng4 12. Bxc6 Qd6 {[%csl Gg4][%cal Rd6h2]} 13. f4 Qxc6 14. a3 Ba5 ({Better is} 14... Bd6 $11) 15. Kh1 (15. f5 $1 $14 exf5 16. exf5 Nxe3 17. Qxe3) 15... Nxe3 16. Qxe3 {White wants to play f5.} f6 17. b4 Bb6 18. Nb3 e5 19. fxe5 fxe5 20. Nc5 exd4 21. Qxd4 Qd6 22. Qd5+ Qxd5 23. exd5 Rxf1+ 24. Rxf1 a5 25. N3a4 axb4 26. axb4 Bxc5 27. Nxc5 $11 {[%mdl 4096] Endgame KRB-KRN} Bf7 28. Ne6 (28. d6 $1 $11 {keeps the balance.} cxd6 29. Nxb7) 28... Bxe6 $1 $17 29. dxe6 {KR-KR} Re8 30. Re1 Kf8 31. Rf1+ Kg8 (31... Ke7 $1 $17 32. Rf7+ Kxe6 33. Rxc7 Kd6) 32. Re1 $11 Kf8 (32... g5 $11) 33. Rf1+ $1 $17 Ke7 $1 34. Rf7+ Kxe6 35. Rxc7 Kd6 {[%cal Re8e1]} 36. Rc1 Re4 37. Rb1 (37. Rd1+ $17 Kc6 38. Rc1+ Kb6 39. Kg1) 37... b5 $1 $19 38. Kg1 (38. g3 $17) 38... Kd5 39. Kf2 g5 40. Kf3 h5 41. h3 (41. Rb2 {keeps fighting.}) 41... Rc4 42. Rd1+ (42. g3 $142 Rc3+ 43. Kg2) 42... Rd4 $1 {[%cal Rd4d1]} 43. Rb1 Rd3+ 44. Kf2 Rd4 $2 (44... Kc4 $19 {...h4 is the strong threat.} 45. g3 Rc3) 45. Ke3 $2 {[%mdl 8192]} (45. Kf3 $1 $11) 45... Re4+ $2 (45... h4 $1 $19 46. Rb2 Rc4) 46. Kd3 $2 (46. Kf3 $1 $11 {and White stays safe.}) 46... Ke5 (46... h4 $19 47. Rb2 g4 48. hxg4 Rxg4) 47. Rb2 $2 (47. Rc1 $15 Rxb4 48. Rc5+ Kf4 49. g3+ {[%mdl 64] Decoy} Kxg3 50. Rxg5+ Kh4 51. Re5) 47... Rd4+ 48. Ke3 Rc4 $1 49. Kd3 {[#]} h4 $1 50. Re2+ Kf5 51. Rf2+ {[#]} (51. Rb2 $17) 51... Rf4 $1 {[%cal Rf4f2]} 52. Rb2 g4 53. Ke3 {intending Rf2.} Re4+ ({Black should try} 53... Ke5 $19 54. Rb1 Re4+ 55. Kd3 gxh3 56. gxh3 Rc4) 54. Kd3 $17 Rc4 55. Ke3 (55. Rf2+ $17 {was the only defense.} Kg5 56. Rf8) 55... Ke5 56. Rb3 $2 (56. Kd2) 56... Rc2 $19 57. Ra3 (57. Rb1 $142 Rxg2 58. hxg4) 57... Rxg2 {( -> ...Rg3+)} 58. Ra5 Rg3+ {Black mates.} 59. Kf2 Rxh3 60. Rxb5+ Kf4 61. Kg2 Rb3 {Accuracy: White = 30%, Black = 62%.} 0-1

[Event "GCT Saint Louis Rapid 2019"]
[Site "Saint Louis"]
[Date "2019.08.10"]
[Round "1.3"]
[White "Vachier-Lagrave, Maxime"]
[Black "Aronian, Levon"]
[Result "0-1"]
[WhiteElo "2775"]
[BlackElo "2756"]
[Annotator "TA"]
[PlyCount "90"]
[EventDate "2019.08.10"]
[EventType "tourn"]
[EventCountry "USA"]
[SourceTitle "playchess.com"]
[Source "ChessBase"]
[SourceQuality "1"]

{[%evp 12,90,19,17,16,14,25,11,37,8,56,24,22,15,19,30,24,17,20,14,0,16,14,0,0,0,24,-16,0,0,0,6,11,6,12,10,81,80,89,81,70,76,42,47,52,2,2,-43,-50,-43,-25,-161,-161,-225,-204,-216,-163,-254,-246,-272,-263,-260,-256,-241,-240,-279,-199,-314,-314,-314,-314,-314,-314,-332,-314,-308,-300,-300,-300,-340,-327]} 1. e4 e5 2. Nf3 Nc6 3. Bc4 Nf6 4. d3 Bc5 5. c3 O-O 6. O-O d6 7. Re1 a6 {C54: Giuoco Piano: 4 c3 Nf6, main lines with 5 d4 and 5 d3} 8. a4 Ba7 9. h3 Kh8 {The position is equal.} 10. d4 (10. Na3 {looks sharper.} Bd7 11. b4 Ne7 12. Nc2 h6 13. Bb3) 10... Ng8 $146 (10... exd4 {is more complex.} 11. cxd4 Nxe4 12. Rxe4 d5 13. Bxd5 Qxd5 14. Nc3 Qd8) ({Predecessor:} 10... h6 11. dxe5 Nxe5 12. Nxe5 dxe5 13. Qxd8 Rxd8 14. Nd2 Kg8 15. Nf3 {½-½ (31) Anand,V (2771)-Aronian,L (2780) Batumi 2018}) 11. dxe5 Nxe5 12. Nxe5 dxe5 13. Qxd8 Rxd8 14. Nd2 g6 15. Nf3 f6 16. b3 Bd7 17. Ba3 Bc6 18. g4 g5 19. Kg2 Kg7 20. a5 Nh6 21. Kg3 Nf7 22. Rad1 Rxd1 23. Rxd1 Rd8 (23... b5 $11 {keeps the balance.} 24. Bd5 Bxd5 25. Rxd5 Rd8) 24. Rxd8 $16 Nxd8 25. Be7 Nf7 26. Nd2 Nh8 27. Bd8 Bb8 $1 28. Bd5 Ng6 $1 29. Nc4 Bxd5 30. exd5 $15 {[%mdl 4096] Endgame KBN-KBN} Nf4 31. Ne3 (31. Kf3 $1 $11) 31... Ne2+ $19 {[%mdl 64] [#] Double Attack} 32. Kf3 (32. Kg2 $142) 32... Nxc3 33. Be7 Ba7 34. d6 (34. Bb4 $142 Nb5 35. Nf5+ Kf7 36. Ke2) 34... cxd6 35. Nf5+ Kf7 36. Bxd6 e4+ 37. Kg2 Ke6 38. Ba3 Nd5 39. Nd6 (39. Ng7+ $142 Kf7 40. Nh5) 39... e3 {Black has a decisive advantage.} 40. fxe3 Nxe3+ 41. Kf3 Nc2 42. Nc4 Nd4+ 43. Ke4 Nxb3 44. Bb4 Nc5+ 45. Kf3 Nd3 {Accuracy: White = 52%, Black = 69%.} 0-1

[Event "GCT Saint Louis Rapid 2019"]
[Site "Saint Louis"]
[Date "2019.08.10"]
[Round "1.4"]
[White "Karjakin, Sergey"]
[Black "Caruana, Fabiano"]
[Result "1/2-1/2"]
[WhiteElo "2748"]
[BlackElo "2819"]
[Annotator "TA"]
[PlyCount "83"]
[EventDate "2019.08.10"]
[EventType "tourn"]
[EventCountry "USA"]
[SourceTitle "playchess.com"]
[Source "ChessBase"]
[SourceQuality "1"]

{[%evp 14,83,40,18,18,16,25,17,18,24,25,20,15,15,12,17,13,13,17,13,13,12,14,12,14,12,12,10,10,9,10,9,9,9,9,9,9,7,18,20,25,8,8,11,20,8,8,8,8,8,8,8,8,8,8,8,8,8,8,8,8,8,32,32,32,32,32,32,32,32,32,32]} 1. Nf3 d5 2. g3 g6 3. Bg2 Bg7 4. d4 Nf6 5. O-O O-O 6. c4 dxc4 7. Na3 c5 8. dxc5 c3 {D77: Fianchetto Grünfeld: 6 0-0: Replies other than 6...c6} 9. Nb5 Na6 10. Nxc3 Nxc5 {The position is equal.} 11. Be3 $146 {[#] Strongly threatening Qxd8.} (11. Bf4 Nfe4 12. Nxe4 Nxe4 13. Be5 Bxe5 14. Nxe5 Nd6 15. Qd4 Be6 16. Rfc1 {½-½ (48) Vachier Lagrave,M (2789)-So,W (2778) Leuven 2018}) 11... Nce4 12. Nxe4 Nxe4 13. Bd4 Bxd4 14. Qxd4 Qxd4 15. Nxd4 Nd6 16. Rfc1 Rd8 17. f4 Kf8 18. Kf2 Bg4 19. h3 Bd7 20. Rc7 Rac8 21. Rac1 Ke8 22. g4 Rxc7 23. Rxc7 Rc8 24. Rxc8+ Bxc8 $11 {[%mdl 4096] Endgame KBN-KBN} 25. b3 Bd7 26. e4 Nb5 27. Ke3 Nxd4 28. Kxd4 {KB-KB} h6 29. e5 b6 30. g5 hxg5 31. fxg5 e6 32. Kc4 Kd8 33. h4 Kc7 34. Bf3 Kd8 35. b4 Ba4 36. b5 Bc2 37. Kb4 Bf5 38. a4 {[%cal Ba2a4,Ba4a5][%mdl 32] White is slightly better.} Ke7 39. a5 Bd3 40. a6 Bf1 41. Bc6 Bd3 42. Kc3 {Accuracy: White = 88%, Black = 88%.} 1/2-1/2

[Event "GCT Saint Louis Rapid 2019"]
[Site "Saint Louis"]
[Date "2019.08.10"]
[Round "1.5"]
[White "Mamedyarov, Shakhriyar"]
[Black "Dominguez Perez, Leinier"]
[Result "1-0"]
[WhiteElo "2765"]
[BlackElo "2760"]
[Annotator "RC"]
[PlyCount "69"]
[EventDate "2019.08.10"]
[EventType "tourn"]
[EventCountry "USA"]
[SourceTitle "playchess.com"]
[Source "ChessBase"]
[SourceQuality "1"]
[TimeMode "Bronstein"]
[TimeControl "1500+10"]

1. d4 {[%emt 0:00:00]} d5 {[%emt 0:00:00]} 2. c4 {[%emt 0:00:00]} e6 {[%emt 0:00:00]} 3. Nc3 {[%emt 0:00:00]} Nf6 {[%emt 0:00:00]} 4. cxd5 {[%emt 0:00:00]} Nxd5 {[%emt 0:00:00]} 5. e4 {[%emt 0:00:00]} Nxc3 {[%emt 0:00:00]} 6. bxc3 {[%emt 0:00:00]} c5 {[%emt 0:00:00]} 7. Rb1 {[%emt 0:00:14]} Be7 {[%emt 0:00:00]} 8. Bc4 {[%emt 0:00:46]} O-O {[%emt 0:00:11]} 9. Nf3 {[%emt 0:00:18]} Qc7 {[%emt 0:00:22]} 10. Qe2 {[%emt 0:00:12]} a6 {[%emt 0:00:10]} 11. O-O {[%emt 0:00:21]} b5 {[%emt 0:00:12]} 12. Bd3 {[%emt 0:00:10]} Nd7 {[%emt 0:00:10]} 13. Rd1 {[%emt 0:00:30]} h6 {[%emt 0:00:26]} 14. a4 {[%emt 0:01:09]} bxa4 {[%emt 0:03:20]} 15. g3 {[%emt 0:00:10]} cxd4 {[%emt 0:05:53]} 16. cxd4 {[%emt 0:00:10]} a5 {[%emt 0:00:10]} 17. Bf4 {[%emt 0:03:14]} Qa7 {[%emt 0:00:11]} 18. Rdc1 Bb4 {[%emt 0:03:25]} 19. Rc7 {[%emt 0:02:25]} Qb6 {[%emt 0:00:10]} 20. Rbc1 {[%emt 0:00:10]} Ba3 {[%emt 0:02:30]} 21. Rb1 {[%emt 0:00:41]} Bb4 {[%emt 0:00:10]} 22. Rbc1 {[%emt 0:00:10]} Ba3 {[%emt 0:00:10]} 23. R1c6 {[%emt 0:00:10]} Qb2 {[%emt 0:00:10]} 24. Rc2 {[%emt 0:00:38]} Qb1+ {[%emt 0:05:05]} 25. Kg2 {[%emt 0:00:14]} Qb6 {[%emt 0:00:48]} 26. e5 {[%emt 0:02:58]} f5 {[%emt 0:00:45]} 27. R2c6 {[%emt 0:03:28]} Qb2 {[%emt 0:00:28]} 28. Qe3 {[%emt 0:00:46]} Bb7 {[%emt 0:01:12]} 29. Rc2 Bxf3+ {[%emt 0:01:04]} 30. Kxf3 {[%emt 0:03:46]} Qb1 31. Rxd7 {[%emt 0:00:39]} Qh1+ {[%emt 0:00:10]} 32. Ke2 Rfb8 {[%emt 0:01:23]} 33. Qf3 {[%emt 0:00:52]} Qg1 34. Bxh6 Bf8 {[%emt 0:00:11]} 35. Bc4 {[%emt 0:01:18]} 1-0

[Event "GCT Saint Louis Rapid 2019"]
[Site "Saint Louis"]
[Date "2019.08.10"]
[Round "2.1"]
[White "Caruana, Fabiano"]
[Black "Mamedyarov, Shakhriyar"]
[Result "1/2-1/2"]
[WhiteElo "2819"]
[BlackElo "2765"]
[Annotator "TA"]
[PlyCount "45"]
[EventDate "2019.08.10"]
[EventType "tourn"]
[EventCountry "USA"]
[SourceTitle "playchess.com"]
[Source "ChessBase"]
[SourceQuality "1"]

{[%evp 14,45,30,8,16,0,7,12,10,7,0,0,0,0,0,0,0,0,0,0,12,0,5,13,7,0,0,0,0,0,0,0,0,0]} 1. e4 e5 2. Nf3 Nc6 3. Bc4 Bc5 4. c3 Nf6 5. d3 d6 6. O-O h6 7. Re1 O-O 8. h3 a5 {The position is equal. C54: Giuoco Piano: 4 c3 Nf6, main lines with 5 d4 and 5 d3} 9. Nbd2 Be6 10. Bb5 Qb8 11. Nf1 Qa7 12. Re2 a4 13. Ng3 {[#]} Rfd8 $146 ({Predecessor:} 13... Qa5 14. Bxc6 bxc6 15. Nh4 Rfe8 16. Re1 {½-½ (28) Mamedyarov,S (2808)-Karjakin,S (2782) Stavanger 2018}) 14. Bxc6 bxc6 15. d4 Bb6 16. Be3 Qa5 17. Rc2 Qb5 18. Qc1 {[#] Hoping for c4.} exd4 $1 19. cxd4 Nh5 $1 20. Ne2 Nf6 21. Ng3 Nh5 $1 22. Ne2 Nf6 23. Ng3 {Accuracy: White = 78%, Black = 90%.} 1/2-1/2

[Event "GCT Saint Louis Rapid 2019"]
[Site "Saint Louis"]
[Date "2019.08.10"]
[Round "2.2"]
[White "Yu, Yangyi"]
[Black "Vachier-Lagrave, Maxime"]
[Result "1/2-1/2"]
[WhiteElo "2736"]
[BlackElo "2775"]
[Annotator "TA"]
[PlyCount "131"]
[EventDate "2019.08.10"]
[EventType "tourn"]
[EventCountry "USA"]
[SourceTitle "playchess.com"]
[Source "ChessBase"]
[SourceQuality "1"]

{[%evp 16,131,13,22,28,30,93,43,34,43,32,22,30,22,25,39,35,41,49,31,39,40,39,18,20,25,59,58,54,62,73,73,73,73,79,73,73,73,73,73,73,73,79,73,73,73,73,73,73,57,73,73,73,57,73,57,73,57,73,38,73,40,73,62,73,73,73,73,73,40,47,47,47,47,47,47,47,47,47,47,47,47,47,47,47,47,47,8,8,8,52,8,8,0,0,0,0,0,0,0,0,0,0,0,0,0,0,0,8,8,8,0,0,0,0,0,0,0]} 1. d4 Nf6 2. c4 g6 3. Nc3 d5 4. Nf3 Bg7 5. Bf4 O-O 6. e3 c5 7. dxc5 Ne4 8. Rc1 Nxc3 9. bxc3 Qa5 {D93: Grünfeld: 4 Nf3 Bg7 5 Bf4 0-0 6 e3} 10. cxd5 ({Wrong is} 10. Qxd5 $2 Rd8 $19) 10... Qxa2 $146 (10... Bxc3+ $11 11. Nd2 Nd7) ({Predecessor:} 10... Nd7 11. Qb3 b6 12. cxb6 Bb7 13. Bb5 Nc5 14. Qb4 axb6 15. O-O Bxd5 16. Qxa5 Rxa5 17. c4 Bxf3 18. gxf3 {0-1 (43) Mekhitarian,K (2556)-Li,C (2728) Cappelle-la-Grande 2015}) 11. Be5 (11. Be2 {looks sharper.} Nd7 12. c6 Nb6 13. c4 bxc6 14. dxc6 Qa5+ 15. Qd2) 11... Bxe5 $1 {White is slightly better.} 12. Nxe5 Qa3 13. Be2 Nd7 14. Nd3 Nxc5 15. Nxc5 Qxc5 16. Qd4 Qd6 17. O-O e5 18. dxe6 Qxe6 19. Bf3 Qe7 20. Rfd1 Be6 21. Qb4 Qxb4 22. cxb4 Rfd8 23. Rxd8+ ({But not} 23. Bxb7 Rxd1+ 24. Rxd1 Rb8 $11) 23... Rxd8 24. Bxb7 $16 {[%mdl 4096] Endgame KRB-KRB} Rd2 25. h3 Rb2 26. Bc8 Bxc8 27. Rxc8+ {KR-KR} Kg7 28. Rc4 Ra2 29. Rc5 Ra4 30. Rb5 a6 31. Rb6 h5 32. g3 a5 33. bxa5 {aiming for a6.} Rxa5 34. Kg2 Ra4 35. Rb8 Kf6 36. Re8 Rb4 37. e4 Rb3 38. Ra8 Rc3 39. Ra5 Rb3 40. h4 Rc3 41. Rd5 Ra3 42. f4 Ra2+ 43. Kf3 Ra3+ 44. Kf2 Rb3 45. Rd6+ Ke7 46. Rd2 Kf6 47. Re2 Ra3 48. Re3 Ra2+ 49. Kf3 Ke6 50. Rb3 Kf6 51. g4 hxg4+ 52. Kxg4 Rg2+ 53. Kf3 Rg1 {The position is equal.} 54. Rb6+ Kg7 $1 55. Rb2 Rh1 56. Kg3 Rg1+ 57. Rg2 Re1 58. Kf3 Rh1 59. Kg4 Re1 60. Kf3 Rh1 61. Rg4 Rh3+ 62. Kg2 Re3 63. f5 {Threatens to win with h5.} Kf6 64. fxg6 fxg6 65. Kf2 Rh3 66. Kg2 {Accuracy: White = 48%, Black = 62%.} 1/2-1/2

[Event "GCT Saint Louis Rapid 2019"]
[Site "Saint Louis"]
[Date "2019.08.10"]
[Round "2.3"]
[White "Dominguez Perez, Leinier"]
[Black "Ding, Liren"]
[Result "1/2-1/2"]
[WhiteElo "2760"]
[BlackElo "2812"]
[Annotator "TA"]
[PlyCount "70"]
[EventDate "2019.08.10"]
[EventType "tourn"]
[EventCountry "USA"]
[SourceTitle "playchess.com"]
[Source "ChessBase"]
[SourceQuality "1"]

{[%evp 12,70,13,13,12,0,2,0,15,10,34,33,51,47,56,55,45,-22,-6,-25,-16,-19,-5,-2,15,35,41,13,17,14,11,12,31,-32,-18,-26,-28,-22,-21,-31,-18,-39,0,0,0,0,0,0,0,0,0,0,0,0,0,0,0,0,0,0,0]} 1. e4 e5 2. Nf3 Nc6 3. Bc4 Bc5 4. c3 Nf6 5. d3 d6 6. Nbd2 O-O 7. O-O a5 {C54: Giuoco Piano: 4 c3 Nf6, main lines with 5 d4 and 5 d3} 8. h3 Be6 (8... h6 9. Re1 Ba7 10. Nf1 Be6 11. Bb5 Ne7 12. Ng3 c6 13. Ba4 Ng6 14. Bc2 {½-½ (43) Dominguez Perez,L (2750)-Andreikin,D (2722) Hengshui 2019}) 9. Bb5 Qb8 10. b3 Qa7 11. Bb2 Rad8 $146 ({Predecessor:} 11... Kh8 12. Bxc6 bxc6 13. d4 exd4 14. cxd4 Bb6 15. Qc2 {1-0 (41) Pavlovic,M (2482)-Basso,P (2516) Oslo 2018}) 12. Bxc6 bxc6 13. d4 Bb6 14. Re1 (14. dxe5 $14 dxe5 15. Qc2) 14... Rfe8 15. Qc2 a4 16. Rad1 h6 17. Nc4 Bxc4 18. bxc4 Nd7 19. c5 dxc5 20. dxe5 c4 21. Ba3 Qa8 22. Qe2 (22. e6 $14 Rxe6 23. e5) 22... Nxe5 $15 23. Nxe5 Rxe5 24. Qxc4 Rxd1 25. Rxd1 Qe8 26. Re1 Rd5 27. Bc1 $1 {The position is equal.} Qe6 {[#] Hoping for ...Bxf2+!} 28. Qxa4 Ra5 29. Qd1 Rxa2 30. Be3 Qc4 31. Bxb6 cxb6 32. Qd8+ Kh7 33. Qxb6 Qxc3 34. Qe3 Qxe3 35. Rxe3 Rc2 {Accuracy: White = 69%, Black = 61%.} 1/2-1/2

[Event "GCT Saint Louis Rapid 2019"]
[Site "Saint Louis"]
[Date "2019.08.10"]
[Round "2.4"]
[White "Rapport, Richard"]
[Black "Carlsen, Magnus"]
[Result "0-1"]
[WhiteElo "2735"]
[BlackElo "2872"]
[Annotator "TA"]
[PlyCount "70"]
[EventDate "2019.08.10"]
[EventType "tourn"]
[EventCountry "USA"]
[SourceTitle "playchess.com"]
[Source "ChessBase"]
[SourceQuality "1"]

{[%evp 13,70,4,4,5,11,5,18,0,8,0,4,0,11,11,8,3,11,6,23,21,27,29,32,18,22,0,0,0,0,0,8,0,7,-8,-9,-22,-27,-14,-10,-31,0,-6,-20,-122,-114,-104,-110,-207,-210,-399,-408,-694,-674,-959,-967,-968,-957,-881,-885]} 1. Nf3 d5 2. g3 Bg4 3. Bg2 e6 4. c4 c6 5. O-O Nf6 6. cxd5 Bxf3 7. Bxf3 cxd5 8. d4 {A11: English Opening: 1...c6} Nc6 9. e3 Be7 10. Nc3 {The position is equal.} O-O 11. Qe2 Rc8 12. Rd1 Qd7 13. Bd2 Rfd8 14. Be1 Ne8 {[#]} 15. Rac1 $146 ({Predecessor:} 15. Bg2 Nd6 {1-0 (41) Grandelius,N (2587)-Blomqvist,E (2492) Malmo 2014}) 15... f5 16. Bg2 Nf6 17. Na4 b6 18. Nc3 Na5 19. Nb1 Nc4 20. Rc2 g5 21. Rdc1 g4 22. Bf1 Ne4 23. b3 Ncd6 24. Qa6 Rxc2 25. Rxc2 Kf7 26. a4 h5 27. a5 Rb8 $36 {[%mdl 2048] Black fights for an advantage.} 28. axb6 (28. Nd2 $11 {keeps the balance.}) 28... Rxb6 $17 29. Qa2 Qb7 30. Ba5 (30. b4 $17) 30... Rxb3 $19 31. Rc7 $2 {[#]} (31. Nd2 {was the only chance.} Nxd2 32. Bxd2) 31... Qb8 32. Nd2 (32. Nc3 $142 Nxc3 33. Rxc3) 32... Rb2 {Black is clearly winning.} 33. Qa4 Nxd2 34. Qd7 Nf3+ 35. Kh1 {[#]} Qxc7 $1 {Accuracy: White = 27%, Black = 61%.} 0-1

[Event "GCT Saint Louis Rapid 2019"]
[Site "Saint Louis"]
[Date "2019.08.10"]
[Round "2.5"]
[White "Aronian, Levon"]
[Black "Karjakin, Sergey"]
[Result "1-0"]
[WhiteElo "2756"]
[BlackElo "2748"]
[Annotator "TA"]
[PlyCount "111"]
[EventDate "2019.08.10"]
[EventType "tourn"]
[EventCountry "USA"]
[SourceTitle "playchess.com"]
[Source "ChessBase"]
[SourceQuality "1"]

{[%evp 9,111,2,8,9,3,7,6,0,12,15,21,18,16,12,16,19,19,14,24,0,12,12,35,36,50,39,33,30,50,39,61,24,36,34,71,36,75,21,29,33,31,11,4,12,12,12,11,13,12,15,10,0,59,0,65,64,66,63,106,94,102,104,111,62,74,72,72,74,185,181,173,179,185,168,189,181,180,185,190,187,214,216,240,231,289,208,211,204,439,425,599,458,462,436,954,961,1991,1838,5676,5676,5676,4847,1521,1088]} 1. d4 Nf6 2. Nf3 d5 3. e3 e6 4. Nbd2 c5 5. b3 b6 (5... cxd4 6. exd4 Bb4 7. Bb2 Ne4 8. Bd3 Nc6 9. O-O Bc3 10. Bxc3 Nxc3 11. Qe1 Nb4 12. Nb1 Nxd3 13. Qxc3 {0-1 (64) Kramnik,V (2792)-Giri,A (2782) Dortmund 2018}) 6. Bb2 {D05: Colle System with ...e6} Bb7 7. Bd3 Nbd7 8. O-O {The position is equal.} Bd6 9. dxc5 Bxc5 10. c4 $146 ({Predecessor:} 10. Qe2 Qe7 11. e4 Ba3 12. Bxa3 Qxa3 13. e5 Ng4 14. c4 {½-½ (42) Mamedjarova,Z (2355)-Mammadova,G (2357) Baku 2018}) 10... dxc4 11. Nxc4 O-O 12. Qe2 Qe7 13. Rfd1 Rfd8 14. Rac1 Nf8 15. Nce5 Ng6 16. Bxg6 fxg6 17. Nd3 Bd6 18. Be5 Ba6 19. Qe1 Bb7 20. Bxd6 Rxd6 21. Nde5 Rad8 22. Rxd6 Qxd6 23. h3 (23. h4 $16) 23... g5 $11 24. Qc3 h6 25. Qc7 Qxc7 26. Rxc7 Rd1+ 27. Kh2 Bxf3 28. Nxf3 {[%mdl 4096] Endgame KRN-KRN} Rf1 29. Nd4 {Strongly threatening Kg3.} Rxf2 30. Nxe6 Rxa2 (30... Nd5 $11 31. Rxg7+ Kh8) 31. Rxg7+ $14 Kh8 32. Rg6 Ng8 33. Kg3 Rc2 34. Nd4 Rc7 {[#]} 35. Kf3 $1 Rf7+ 36. Ke2 Kh7 37. Rd6 Nf6 38. Kd3 h5 (38... Nd7 $16 {was necessary.}) 39. Nf3 $18 Kg7 40. Nxg5 Re7 41. Kd4 Kg6 42. Nf3 Kg7 43. Ne5 Rc7 44. Rc6 Re7 45. g4 hxg4 46. hxg4 Nh7 47. g5 Nf8 48. Kd5 b5 $2 (48... a5 49. e4 Rb7) 49. b4 {White is clearly winning.} Kg8 (49... Nh7 $142 50. Rg6+ Kh8) 50. e4 Re8 51. g6 Rd8+ (51... Ra8 $142 52. Rd6 Kg7) 52. Rd6 Re8 53. Nd7 {[#] Nf6+ would kill now.} Ra8 54. Nxf8 Kxf8 55. Ra6 Kg7 56. Kc5 {Accuracy: White = 70%, Black = 42%.} 1-0